000
00476nam a2200145Ia 4500
008
090122s9999 xx 000 0 und d
082
_b
5109
_a
891.4684
100
_a
टोळ
_b
दत्ता
_c
श्री
245
_a
मृत्यूंजयाच्या कथा
600
_a
टोळ
630
_a
मृत्यूंजयाच्या कथा
700
_a
टोळ
730
_a
मृत्यूंजयाच्या कथा
942
_c
BOOK
999
_c
29187
_d
29187